书目信息 |
| 题名: |
口腔工艺设备
|
|
| 作者: | 李新春 主编 | |
| 分册: | ||
| 出版信息: | 北京 人民卫生出版社 2008.01 |
|
| 页数: | 114+24页 | |
| 开本: | 26cm | |
| 丛书名: | ||
| 单 册: | ||
| 中图分类: | TH787 | |
| 科图分类: | ||
| 主题词: | 口腔科学--医疗器械 | |
| 电子资源: | ||
| ISBN: | 978-7-117-09802-1 | |
| 000 | 00621nam0 2200205 450 | |
| 001 | 0853671009 | |
| 005 | 20081222162324.97 | |
| 010 | @a978-7-117-09802-1@dCNY20.00 | |
| 100 | @a20081222d2008 km y0chiy0120 ea | |
| 101 | 0 | @achi |
| 102 | @aCN@b110000 | |
| 200 | 1 | @a口腔工艺设备@Akou qiang gong yi she bei@f李新春主编@Fli xin chun zhu bian |
| 210 | @a北京@c人民卫生出版社@d2008.01 | |
| 215 | @a114+24页@d26cm | |
| 300 | @a全国中等卫生职业教育卫生部"十一五"规划教材 | |
| 606 | 0 | @a口腔科学@x医疗器械 |
| 690 | @aTH787@v4 | |
| 701 | 0 | @a李新春@Ali xin chun@4主编 |
| 801 | 0 | @aCN@bNISOFT@c20081222 |
| 905 | @aBZT@dTH787@e1@f5 | |
| 口腔工艺设备/李新春主编.-北京:人民卫生出版社,2008.01 |
| 114+24页;26cm |
| 全国中等卫生职业教育卫生部"十一五"规划教材 |
| ISBN 978-7-117-09802-1:CNY20.00 |
| ● |
| 相关链接 |
|
|
|
正题名:口腔工艺设备
索取号:TH787/1
 
预约/预借
| 序号 | 登录号 | 条形码 | 馆藏地/架位号 | 状态 | 备注 |
| 1 | 0693077 | 2000693077 | 样本书库/样007架B面1层1列/ [索取号:TH787/1] | 在馆 | |
| 2 | 0693078 | 2000693078 | 中心书库中库/ 中库030架A面8列6层2/ [索取号:TH787/1] | 在馆 | |
| 3 | 0693079 | 2000693079 | 中心书库中库/ 中库030架A面8列6层4/ [索取号:TH787/1] | 在馆 | |
| 4 | 0693080 | 2000693080 | 中心书库中库/ 中库030架A面8列6层5/ [索取号:TH787/1] | 在馆 | |
| 5 | 0693081 | 2000693081 | 中心书库中库/ 中库030架A面8列6层1/ [索取号:TH787/1] | 在馆 |